International construction (Record no. 110434)

MARC details
000 -LEADER
fixed length control field 01671cam a22002415a 4500
001 - CONTROL NUMBER
control field L149234
008 - FIXED-LENGTH DATA ELEMENTS--GENERAL INFORMATION
fixed length control field 100209s2008 xxk f 000 0 eng d
035 ## - SYSTEM CONTROL NUMBER
System control number (Sirsi) u149234
041 0# - LANGUAGE CODE
Language code of text/sound track or separate title eng
050 04 - LIBRARY OF CONGRESS CALL NUMBER
Classification number 338.4369 $2 18
100 1# - MAIN ENTRY--PERSONAL NAME
Personal name Mawhinney, Mark
245 00 - TITLE STATEMENT
Title International construction
Medium [electronic resource]
260 ## - PUBLICATION, DISTRIBUTION, ETC.
Place of publication, distribution, etc. [S.l.]
Name of publisher, distributor, etc. Wiley-Blackwell
Date of publication, distribution, etc. 2008
300 ## - PHYSICAL DESCRIPTION
Extent eBook
505 2# - FORMATTED CONTENTS NOTE
Formatted contents note Knowledge is Power -- The Tools of the Trade -- Key Factors in Operating and Sustaining a Business -- The Global Market and Competitive Advantage -- Building Materials and Construction Equipment -- Consultant Case Studies -- Contractor Case Studies -- Project Funding -- Hints and Signposts
520 ## - SUMMARY, ETC.
Summary, etc. A recent construction project in Singapore had Russian plane, a Japanese management team, Australian and Italian engineers, Thai steel workers and a labour force from throughout Asia... The recent growth explosion of multi-nationals and the lowering of trade barriers is pushing the globalization of construction on at a starting pace. Mark Mawhinney has brought together here for the first time advice, information and evidence on this developing arena - from a wide range of sources. This book offers a clear understanding of the international construction market together with an explanation of what knowledge is rewired to operate successfully in it and a familiarity with some of the analytical tools available.
590 ## - LOCAL NOTE (RLIN)
Local note ka
650 24 - SUBJECT ADDED ENTRY--TOPICAL TERM
Topical term or geographic name entry element EBOOK
651 #4 - SUBJECT ADDED ENTRY--GEOGRAPHIC NAME
Geographic name International
690 ## - LOCAL SUBJECT ADDED ENTRY--TOPICAL TERM (OCLC, RLIN)
Topical term or geographic name as entry element BUILT ENVIRONMENT-CONSTRUCTION MARKET
856 48 - ELECTRONIC LOCATION AND ACCESS
Uniform Resource Identifier <a href="https://www.vlebooks.com/">https://www.vlebooks.com/</a>
Public note View on VLEbooks. Logins for members only from [email protected]
942 ## - ADDED ENTRY ELEMENTS (KOHA)
Suppress in OPAC 0
Holdings
Withdrawn status Lost status Source of classification or shelving scheme Damaged status Not for loan Home library Current library Shelving location Date acquired Cost, normal purchase price Total Checkouts Full call number Barcode Date last seen Copy number Cost, replacement price Price effective from Koha item type
    Dewey Decimal Classification     Virtual Virtual Online 09/02/2010 60.05   EBOOK 149234-2001 06/08/2019 1 60.05 06/08/2019 Book